00797nam a2200205Ia 4500003000900000008004100009020001700050040001600067080002200083111009100105245016100196260004200357300001400399490002600413650002800439650001500467650004300482700002900525710003700554IN-BaIIA211028s9999 xx 000 0 eng d a90-277-04600 cIIA Library a082.2:52bIAU-S58 aInternational Astronomical Union Symposiumn58thcCanberra, Austriliad1973 Aug. 12-15 4aThe formation and dynamics of galaxiesbproceedings of the IAU symposium no.58 held in Canberra, Australia, August 12-15, 1973cedited by John R. Shakeshaft aDordrechtbD. Reidel Publishingc1974 axv, 441p. aIAU Symposium; no. 58 a Dynamical evolution  a Galaxies aAstronomy and Astrophysics Thesaurus  aShakeshaft, John R., ed. aInternational Astronomical Union